000 00677nam a2200253 a 4500
001 nice12345678
003 IN_TiNIC
005 20260116012325.0
008 050524s1993 amsa grp 000 0 eng
020 _a9053832
_c100
082 0 0 _a633.6109
_bKNI
100 _aKnight, G R
245 _aColonial Production in Provincial Java
_b Sugar Industries in Pekalongan-Tega
260 _aAmsterdam
_bCentre for Asian Studies
_c1993
300 _a67p
500 _aincludes index and biblioraphy
505 2 _aBibliography
650 _aSugar-Java
650 _aJava-Colonial Period
700 1 _aKnight, G R
902 _bSRS
942 _cBK
999 _c6560
_d6560